Szczegóły MARC21

Literatur und Zensur in der frühen Aufklärung : Produktion, Distribution und Rezeption der Lettres Persanes /

005 -DATA I CZAS OSTATNIEJ MODYFIKACJI [,]
    • @
    • pole kontrolne
    • 20070315155141.9
020 -Międzynarod. znormalizowany nr książki - ISBN [ , ]
    • a
    • Numer ISBN
    • 3465014243 Find
040 -Instytucja sporządzająca opis [ , ]
    • a
    • Instytucja, która sporządziła opis (NP)
    • SZCZ U
    • c
    • Instytucja, która sporządziła rekord (NP)
    • SZCZ U
041 -Język dokumentu [0, ]
    • a
    • Język tekstu (P)
    • niemiecki
    • h
    • Język tekstu oryginalnego i/lub pośredniego (P)
    • niemiecki
942 -Rodzaj dokumentu [ , ]
    • c
    • Rodzaj dokumentu
    • Książka
100 -Hasło główne - nazwa osobowa [ , ]
    • a
    • Nazwa osobowa (NP)
    • MASS EDGAR
245 -Strefa tytułu i oznaczenia odpowiedzialności [1, ]
    • a
    • Tytuł
    • Literatur und Zensur in der frühen Aufklärung : Find
    • b
    • Ciąg dalszy tytułu (NP)
    • Produktion, Distribution und Rezeption der Lettres Persanes / Find
260 -Strefa adresu wydawniczego [ , ]
    • a
    • Miejsce wydania (P)
    • Frankfurt am Main :
    • b
    • Nazwa wydawcy (P)
    • V.Klostermann,
    • c
    • Data wydania (P)
    • 1981.
300 -Strefa opisu fizycznego [ , ]
    • a
    • Określenie formy książki i/lub objętość (NP)
    • XI,328 s. :
    • c
    • Format (NP)
    • 24 cm.
490 -Strefa serii i książki wielotomowej - forma nie do wyszukiwania [0, ]
    • a
    • Tytuł (P)
    • (Analecta Romanica ; Find
    • v
    • Numeracja (P)
    • H.46)
500 -Uwaga ogólna [ , ]
    • a
    • Uwaga ogólna (NP)
    • Bibliogr.Ind
080 -Uniwersalna Klasyfikacja Dziesiętna [ , ]
    • a
    • Symbol klasyfikacji
    • 840(091)"17"=30
980 -Symbol UKD [ , ]
    • a
    • UKD
    • 840(091)"17"=30
920 -ISBN [ , ]
    • a
    • ISBN
    • 3-465-01424-3 Find
Status udost. Numer inwentarzowy Data inwentaryzacji Lokalizacja Sygnatura
1G.19602000-03-02BMGERM. Lit. niem. - oświecenie 03